000
00307nam a2200133Ia 4500
005
20260328104339.0
008
260328s9999||||xx |||||||||||||| ||und||
100
_a
Labó, Giorgio
245
0
_a
Alvar Aalto /
_c
Giorgio Labó
260
_b
Balcone
300
_a
155 p.
650
_a
ARQUITECTOS
942
_c
BK
999
_c
12015
_d
12015